000 01774namaa22003611i 4500
005 20260506142905.0
008 260506s1994 ua ado|frm||| 00| 0 eng d
040 _aEG-GICUC
_beng
_cEG-GICUC
_dEG-GICUC
_erda
041 0 _aeng
_beng
_bara
049 _aDeposit
097 _aPh.D
099 _aCai01.21.06.Ph.D.1994.Ha.H
100 0 _aHala Ibrahim Ahmed Kassem
_epreparation.
245 1 0 _aHigh voltage pulsed galvanic versus cryotherapy on walking pattern in spastic hemiplegic cerebral palsy /
_cBy Hala Ibrahim Ahmed Kassem ; Supervised By Prof. Dr. Saadia M. Abdel Fattah, Prof. Dr., Amira M. El-Tohamy, Prof. Dr. Hoda A. Talawy.
246 1 5 _aمقارنة بين تأثير التيار الجلفانى المتقطع عالى الجهد و العلاج بالتبريد على أنموذج المشى لدى الأطفال المصابين بالشلل المخى النصفى المتقلص
264 0 _c1994.
300 _a233 pages :
_billustrations ;
_c30 cm. +
336 _2rda content
_atext
337 _2rdamedia
_aUnmediated
338 _2rdacarrier
_avolume
502 _aThesis (Ph.D)-Cairo University, 1994.
504 _aBibliography: pages 184-233
653 0 _agrowth
653 0 _aHigh voltage pulsed galvanic
653 0 _acryotherapy
653 0 _aspastic hemiplegic cerebral palsy
700 0 _aProf. Dr. Saadia M. Abdel Fattah.
_ethesis advisor.
700 0 _aProf. Dr. Amira M. El-Tohamy
_ethesis advisor.
700 0 _aProf. Dr. Hoda A. Talawy.
900 _DDepartment of growth.
_FFaculty of physical therapy
_UCairo University
_b1994
_cProf. Dr. Saadia M. Abdel Fattah.
_cProf. Dr. Amira M. El-Tohamy
_cProf. Dr. Hoda A. Talawy.
_dProf. Dr. Saadia M. Abdel Fattah.
905 _aNermeen-A
942 _2ddc
_cTH
_e21
_n0
999 _c180032